LEADER 01136nam a2200277 i 4500 001 000000099510 003 CaOOAMICUS 005 20190429152558.0 008 180830s1970 xx u000 u und u 013 $a71662 040 $aSeMil$bita 100 1 $aLaing, Ronald D.$0(OLS)http://semarc/name/33853 240 14$aThe divided self.$0(OLS)http://semarc/title/422358 245 12$aL'Io diviso :$bstudio di psichiatria esistenziale /$cR. D. Laing ; prefazione di Letizia Jervis Comba. 250 $a3. ed. 260 $aTorino :$bEinaudi,$c1970. 300 $a236 p. ;$c19 cm 490 1 $aNuovo politecnico ;$v27 650 4$aPsichiatria.$0(OLS)http://semarc/subject/1543 700 1 $aJervis Comba, Letizia.$0(OLS)http://semarc/name/43235 830 0$aNuovo politecnico ;$v27.$0(OLS)http://semarc/title/6899 850 $aSeMil 852 $aSeMil$W1$xVenegono$y1$m2O I 464$j212384$B56976$CSeMilBibl$Z2$F67021 $81 996 $6245$aL'Io diviso :$bstudio di psichiatria esistenziale$9(OLS)http://semarc/title/147008 996 $6260$aTorino :$bEinaudi$9(OLS)http://semarc/publisher/29884 LEADER 00665nab a2200193 i 4500 001 000000314956 003 CaOOAMICUS 005 20180831173141.0 008 180831n xx uu u0 0und r 013 $a24045 040 $aSeMil$bita 100 0 $aPaulus VI,$c.$0(OLS)http://semarc/name/803 245 12$aL?enciclica ĞMysterium fideiğ (testo latino) 773 0 $t[Gennaio-Dicembre].$g378-389$w()274277 900 1 $aMontini, Giovanni Battista,$d<1897-1978>. 900 0 $aPaolo VI$c. 996 $6245$aL?enciclica ĞMysterium fideiğ (testo latino)$9(OLS)http://semarc/title/389076 LEADER 01326nam a2200289 i 4500 001 000000061738 003 CaOOAMICUS 005 20260326113112.0 008 061111s1985 it u000 u ita u 020 $a88-400-0010-0 040 $aSeMil$bita 245 10$aItinerari di san Carlo Borromeo nella cartografia delle visite pastorali /$ca cura di : Ernesto Brivio ... [et al.]. 264 1$aMilano :$bUnicopli,$c1985. 300 $a118 p. :$bill. ;$c31 cm. 500 $aIn testa al front.: Provincia di Milano. 650 04$aBorromeo, Carlo - Visite pastorali.$0(OLS)http://semarc/subject/4909 650 4$aMilano (Arcidiocesi) - Storia - Sec. 16.$0(OLS)http://semarc/subject/4270 650 4$aMilano (Arcidiocesi) - Visite pastorali.$0(OLS)http://semarc/subject/186 700 1 $aBrivio, Ernesto.$0(OLS)http://semarc/name/7605 850 $aSeMil 852 $aSeMil$W1$xVenegono$y1$m3O VI 258$j269078$B27891$CSeMilBibl$Z2$F27894 $81 941 1 $a3 961 $aLascito: Colombo Card. Giovanni 996 $6020$a88-400-0010-0$9(OLS)http://semarc/number/38078 996 $6245$aItinerari di san Carlo Borromeo nella cartografia delle visite pastorali$9(OLS)http://semarc/title/97077 996 $6264$aMilano :$bUnicopli$9(OLS)http://semarc/publisher/29904